000 01686nab a2200265 i 4500
003 BR-BrBNA
005 20250512130959.0
008 250512b2017 bl.qr|pooa||| 00| 0 por |
040 _aBR-BrBNA
_bpor
072 _aF70
100 _aFernandes Júnior, Aluisio José
100 _aGil, André dos Santos Bragança
245 _aFlora das cangas da Serra dos Carajás, Pará, Brasil: Bixaceae
500 _aPublicação on-line; 10 ref.; 1 illus.; Summaries (En, Pt)
520 _a Resumo Foram encontradas duas espécies de Bixaceae na Serra dos Carajás, Pará, Brasil: Bixa orellana e Cochlospermum orinocense. São apresentadas descrições morfológicas, ilustrações, comentários taxonômicos, distribuição geográfica e habitat de cada espécie. Palavras-chave: Amazônia, Bixa, Cochlospermum, FLONA Carajás, taxonomia. Abstract Two species of Bixaceae were found in Serra dos Carajás, Pará state, Brazil: Bixa orellana and Cochlospermum orinocense. Morphological descriptions, illustration, taxonomic comments, geographical distribution and habitat of each species are presented. Key words: Amazon, Bixa, Cochlospermum, FLONA Carajás, taxonomy.
650 _aAMAZÔNIA
650 _aBIXACEAE
650 _aCOCHLOSPERMUM REGIUM
650 _aCARAJÁS
650 _aTAXONOMIA
773 0 _0709
_9350025
_dRio de Janeiro-RJ Jardim Botanico do Rio de Janeiro 1935
_o2025-2634
_tRodriguésia (Brazil)
_x0370-6583; 2175-7860 on-line
_gv. 68(3 special number) p. 917-920; (2017)
_wBR2025000921
856 _uhttps://www.scielo.br/j/rod/a/YnYyMK3D9qt4KcNHbtBpgMP/?format=pdf&lang=pt
942 _cANA
999 _c331427
_d331427